000 01343cam a22003494a 4500
001 13333765
003 OSt
005 20151125143037.0
008 030905s2004 cau b 001 0 eng
010 _a 2003062804
020 _a1576752828
040 _aDLC
_cDLC
_dDLC
042 _apcc
050 0 0 _aHF5549.5.S8
_bR63 2004
082 0 0 _a658.3/14
_222
100 1 _aRobinson, Alan
_q(Alan G.)
245 1 0 _aIdeas are free :
_bhow the idea revolution is liberating people and transforming organizations /
_cAlan G. Robinson, Dean M. Schroeder.
260 _aSan Francisco, CA :
_bBerrett-Koehler,
_cc2004.
300 _axvii, 232 p. ;
_c25 cm.
504 _aIncludes bibliographical references and index.
504 _aIncludes bibliographical references and index.
650 0 _aSuggestion systems.
650 0 _aManagement
_xEmployee participation.
650 0 _aOrganizational change.
650 0 _aOrganizational effectiveness.
650 0 _aCorporate culture.
700 1 _aSchroeder, Dean M.
856 4 2 _3Publisher description
_uhttp://www.loc.gov/catdir/enhancements/fy0915/2003062804-d.html
906 _a7
_bcbc
_corignew
_d1
_eocip
_f20
_gy-gencatlg
942 _2lcc
_cBK
999 _c251593
_d251593